Manuel de médecine légale (Record no. 152729)

MARC details
000 -LEADER
campo de control de longitud fija 00663nam a22001815i 4500
001 - NÚMERO DE CONTROL
campo de control 152729
003 - IDENTIFICADOR DE NÚMERO DE CONTROL
campo de control ES-MaACL
005 - FECHA Y HORA DE LA ÚLTIMA TRANSACCIÓN
campo de control 20250806060944.0
008 - DATOS DE LONGITUD FIJA--INFORMACIÓN GENERAL
campo de control de longitud fija 051018s1837 be | |||||||| ||fre d
040 ## - FUENTE DE CATALOGACIÓN
Centro catalogador/agencia de origen CAM
Lengua de catalogación spa
Centro/agencia transcriptor CAM
100 1# - ENTRADA PRINCIPAL--NOMBRE DE PERSONA
Nombre de persona Brierre de Boismont, A.
9 (RLIN) 31707
245 10 - MENCIÓN DEL TÍTULO
Título Manuel de médecine légale
Resto del título : a l'usage des jurés, des avocats et des médecins /
Mención de responsabilidad, etc. par A. Brierre de Boismont.
260 ## - PUBLICACIÓN, DISTRIBUCIÓN, ETC.
Lugar de publicación, distribución, etc. Bruxelles :
Nombre del editor, distribuidor, etc. Etablissement Encyclographique,
Fecha de publicación, distribución, etc. 1837.
300 ## - DESCRIPCIÓN FÍSICA
Extensión XII, 211 p. ;
Dimensiones 17 cm.
650 07 - PUNTO DE ACCESO ADICIONAL DE MATERIA--TÉRMINO DE MATERIA
Término de materia o nombre geográfico como elemento de entrada Medicina legal
Fuente del encabezamiento o término embne
9 (RLIN) 14928
852 ## - LOCALIZACIÓN
Ubicación ES-MaACL
Número de control de estantería G-9502
Nota libre -- Enc. hol.
-- -- Ex-libris de Mateo Seoane
Holdings
Estatus retirado Estado de pérdida Estado de daño No para préstamo Colección Biblioteca de origen Biblioteca actual Ubicación en estantería Fecha de adquisición Fuente de adquisición Total de préstamos Signatura topográfica completa Código de barras Visto por última vez Precio de reemplazo Tipo de ítem Koha
        Libros del s. XIX Biblioteca del Ateneo de Madrid Biblioteca del Ateneo de Madrid Sala Pecera Planta 3 17/01/2008     G-9502 1159501 23/02/2023 23/02/2023 Libro impreso antiguo